000 00575nam a2200217Ia 4500
003 OSt
005 20220926042812.0
006 a|||||r|||| 00| 0
007 ta
008 220923b |||||||| |||| 00| 0 eng d
037 _cGeneral Book
040 _aRTL
_cRTL
_beng
041 _2eng
_aeng
082 _aY15.2.N, G0
100 _aCaton A R Ed.
_9346754
245 0 _aKey of progress
_b A survey of the status and condit
260 _c1920
650 _aWoman Sociology
942 _hY15.2.N, G0
_cGB
_2CC
999 _c670586
_d670586